000 00580nam a22001937a 4500
005 20251108173133.0
008 250721s9999 xx 000 0 ara d
082 1 4 _a371.27/كيف
100 1 _aزيتوني، رأفت محمد
245 1 0 _aكيف نساعد أولادنا على التفوق في الدراسة /
250 _aط 3
264 1 _aالرياض :
_bدار الهدى للنشر و التوزيع،
300 _a80ص
650 1 7 _aالطلاب
650 1 7 _aالنجاح
650 1 7 _aالتفوق الدراسي
942 _2ddc
_cBK
999 _c96891
_d96891